| 000 -LEADER |
| fixed length control field |
01255cam a22002895i 4500 |
| 001 - CONTROL NUMBER |
| control field |
21680197 |
| 005 - DATE AND TIME OF LATEST TRANSACTION |
| control field |
20240702122510.0 |
| 006 - FIXED-LENGTH DATA ELEMENTS--ADDITIONAL MATERIAL CHARACTERISTICS |
| fixed length control field |
m |o d | |
| 007 - PHYSICAL DESCRIPTION FIXED FIELD--GENERAL INFORMATION |
| fixed length control field |
cr ||||||||||| |
| 008 - FIXED-LENGTH DATA ELEMENTS--GENERAL INFORMATION |
| fixed length control field |
180109s2018 gw |||| o |||| 0|eng |
| 020 ## - INTERNATIONAL STANDARD BOOK NUMBER |
| International Standard Book Number |
9783319687551 X |
| 041 ## - LANGUAGE CODE |
| Language code of text/sound track or separate title |
eng |
| 080 ## - UNIVERSAL DECIMAL CLASSIFICATION NUMBER |
| Universal Decimal Classification number |
174+338+61R-45 |
| 100 1# - MAIN ENTRY--PERSONAL NAME |
| Personal name |
Resnik, David B. |
| Relator term |
author. |
| 9 (RLIN) |
22650 |
| 245 14 - TITLE STATEMENT |
| Title |
The Ethics of Research with Human Subjects : |
| Remainder of title |
Protecting People, Advancing Science, Promoting Trust / |
| Statement of responsibility, etc. |
by David B. Resnik. |
| 264 #1 - PRODUCTION, PUBLICATION, DISTRIBUTION, MANUFACTURE, AND COPYRIGHT NOTICE |
| Place of production, publication, distribution, manufacture |
Cham : |
| Name of producer, publisher, distributor, manufacturer |
Springer International Publishing : |
| -- |
Imprint: Springer, |
| Date of production, publication, distribution, manufacture, or copyright notice |
2018. |
| 300 ## - PHYSICAL DESCRIPTION |
| Extent |
1 online resource (XIII, 316 pages 12 illustrations) |
| 490 1# - SERIES STATEMENT |
| Series statement |
International Library of Ethics, Law, and the New Medicine, |
| International Standard Serial Number |
1567-8008 ; |
| Volume/sequential designation |
74 |
| 588 ## - SOURCE OF DESCRIPTION NOTE |
| Source of description note |
Description based on publisher-supplied MARC data. |
| 653 ## - INDEX TERM--UNCONTROLLED |
| keyword |
ეთიკა |
| 653 ## - INDEX TERM--UNCONTROLLED |
| keyword |
ბიზნესი და ეკონომიკა ბიზნეს ეთიკა |
| 653 ## - INDEX TERM--UNCONTROLLED |
| keyword |
სამედიცინო ეთიკა |
| 653 ## - INDEX TERM--UNCONTROLLED |
| keyword |
კვლევის ეთიკა |
| 830 #0 - SERIES ADDED ENTRY--UNIFORM TITLE |
| Uniform title |
International Library of Ethics, Law, and the New Medicine, |
| International Standard Serial Number |
1567-8008 ; |
| Volume/sequential designation |
74 |
| 9 (RLIN) |
22656 |
| 906 ## - LOCAL DATA ELEMENT F, LDF (RLIN) |
| a |
0 |
| b |
ibc |
| c |
origres |
| d |
u |
| e |
ncip |
| f |
20 |
| g |
y-gencatlg |
| 942 ## - ADDED ENTRY ELEMENTS (KOHA) |
| Source of classification or shelving scheme |
|
| Koha item type |
წიგნი |